000 00843nas a2200277 4500
001 BR9100659
003 BR-BrBNA
005 20231205091922.0
007 ta
008 230509b bl.|||p| |||| 00| 00por d
040 _aBR-BrBNA
_bpor
_cBiblioteca Nacional de Agricultura
041 _a(Pt)
072 _aL02
100 1 _aCavalheiro, A.C.L.
100 1 _aTrindade, D.S.
100 1 _aRodrigues, C.O.
100 1 _aCostanzis, A.R.
100 1 _aCastagna, M.
100 1 _aArnt, L.M.
245 1 _aEfeito da suplementacao mineral no desempenho de cordeiros em pastejo
650 _aCORDEIRO
650 _aSUPLEMENTO MINERAL
773 0 _tRevista da Sociedade Brasileira de Zootecnia (Brazil)
_xISSN 0100-4859
_g(Mar-Apr 1989), v. 18(2) p. 164-171
_wBR9100659
909 _a202311
_bLúcia
_c55
_dLúcia Elande
942 _2AGRIS
_n0
_cANA
999 _c128154
_d128154